Statistiques concernant Quiz peppa 2

Cliquez ici pour prendre le quiz!

Statistiques générales

  • Ce quiz a été pris 8 fois
  • Le résultat moyen est 19 sur 40

Statistiques - réponses

HintRéponse% Correct
Amoureuse de Brice et un peu des autres aussiJulie
100%
Premier membre de la peppa viréMathis Laurent
100%
Top 1 fiotte de la colocSeb
100%
record de pipi au lit en une soirée (coloc de la mort)3
80%
Aime le sable dans son tacosBrice
80%
Mcgregor autiste des CorreEwen
80%
Rue de Lisbonne apprécié de Clem, Bougeant et totoPink street
80%
Membre de la peppa qui n'en a pas non plusPol
80%
nationalité vaincue par evan, clem et polportugais
80%
Année de naissance la plus élevée qu'un gars à pecho2005
60%
Antoine l'a volé sans aucun remord à son pote Pol lors d'un oneAuxane
60%
endroit de la première fois de GautierChamp
60%
Endroit préféré de Bougeant pour soulever du 3,5tcity
60%
Favorise le curry comme parfum de dragueCoat
60%
n'est pas "in paris" mais souvent au rodyEmilie
60%
Version wish et féminine de la peppaLes filles du port
60%
Reprendrais une lambo pour 300e (elle est morte)Le touz
60%
Connait les meilleurs bar lgbt de parisMalo
60%
Désigne un membre de la famille et trouvé devant la plus grande boite d'europePapa
60%
Partie du corps supprimé chez Gautierprépuce
60%
à jouer plusieurs vilains dans des filmsWilliam
60%
Amende total payé pour vol par thibault à budapest30
40%
Selon lui Bougeant a essayé de le poignardéArthur Calvez
40%
Ami de la peppa similaire à un Bill gates trisomiqueArthur Marie
40%
Vikings handicapés (nom)Bégoc
40%
Refuge d'evan après altercation avec un ex de son bailMoulin Blanc
40%
Clément tient sa queue de cet animalsinge
40%
Brice se l'ai fait volé à yeuvélo
40%
Juif de la rochelleDavid
20%
Infirmière préférée de clementJustine
20%
Endroit ultime pour vomir (indice : ça roule)La voiture de Julie
20%
Amoureuse de Evan et un peu des autres aussiLou anne
20%
Endroit préféré d'elena et mathis rodriguezOne club
20%
Ami de la peppa obèse et marrantSamuel Bizien
20%
Fantasme Coatune métisse
20%
Coat l'a cassé avec son dos à parisune table
20%
Endroit parfait pour regarder un matchLe Blind piper
0%
Sport préféré d'arthur dans la cuisineSki
0%
Coat à perdu contre cet objet en 1v1 et y a laissé un brasune trottinette
0%
Fantasme thibaultUn truc qui respire, ou pas d'ailleurs
0%

Distribution des résultats

Percentile par nombre de réponses

% des personnes avec chaque résultat

Votre développement - résultats

Vous n’avez pas pris ce quiz